LA MENTALIDAD PRIMITIVA

Guardado en:
Detalles Bibliográficos
Autor principal: Blondel, Ch (autor)
Formato: Libro
Etiquetas: Agrega una etiqueta
Sin etiquetas, Sé el primero en etiquetar este registro!

MARC

LEADER 00000nam^a2200000^a^4500
001 000203798
005 20250521000000.0
009 20260310103025.635
035 |a 027359 
037 |a Acervo Xavier Clavigero 
082 |a 196. 3  |b BLO 
100 |a Blondel, Ch.  |e (autor) 
245 1 3 |a LA MENTALIDAD PRIMITIVA 
264 |a Madrid, España :  |b Librería Hernando,  |c 1927 
336 |a texto  |b txt  |2 rdacontenido 
337 |a sin mediación  |b n  |2 rdamedio 
338 |a volumen  |b nc  |2 rdasoporte 
649 |a XX 
910 |a Fondo General 
920 |a Impresos - Libros 
930 |a Colección General 
905 |a 101 
901 |a 027359  |b IT1  |c ACC  |i 027359  |u 20250521 
902 |a https://opac.biblio.iteso.mx/vufind/Record/000203798